[Event "Petrolina Bandeira Memorial"]
[Site "Petrolina"]
[Date "2019.11.15"]
[Round "2"]
[White "De Santana, Emidio Jose Alves"]
[Black "Da Silva, Pablo"]
[Result "1/2-1/2"]
[WhiteElo "1842"]
[BlackElo "2038"]
[PlyCount "85"]
[EventDate "2019.11.15"]
[EventType "swiss"]
[EventRounds "6"]
[EventCountry "BRA"]
[SourceTitle "EXT 2021"]
[Source "ChessBase"]
[SourceDate "2020.10.23"]
[SourceVersion "1"]
[SourceVersionDate "2020.10.23"]
[SourceQuality "1"]

1. d4 d5 2. c4 e6 3. Nc3 Nf6 4. e3 c5 5. Nf3 Nc6 6. dxc5 Bxc5 7. cxd5 exd5 8. Be2 0-0 9. 0-0 h6 10. Na4 Be7 11. Nd4 Nxd4 12. Qxd4 Be6 13. Nc3 a6 14. Rd1 Qd6 15. Bf3 Rfd8 16. h3 Rac8 17. Bd2 Rc4 18. Qd3 Qe5 19. Qe2 Bd6 20. Kf1 d4 21. exd4 Qh2 22. Ke1 Rxd4 23. Be3 Bc4 24. Rxd4 Bxe2 25. Kxe2 Re8 26. Rad1 Bc5 27. Rd8 Qc7 28. Rxe8+ Nxe8 29. Nd5 Qe5 30. b4 Bxe3 31. fxe3 Nd6 32. Rd4 Nf5 33. Rd2 Ng3+ 34. Kf2 Ne4+ 35. Bxe4 Qxe4 36. a3 h5 37. a4 Qh4+ 38. Kf1 Qc4+ 39. Kf2 Kh7 40. a5 g5 41. Rd4 Qc2+ 42. Kf3 Qf5+ 43. Ke2 1/2-1/2

[Event "Petrolinense-ch"]
[Site "Petrolina"]
[Date "2015.12.18"]
[Round "2.4"]
[White "Coelho, Ramyres Santana"]
[Black "De Santana, Emidio Jose Alves"]
[Result "1-0"]
[WhiteElo "1970"]
[BlackElo "1891"]
[PlyCount "89"]
[EventDate "2015.12.11"]
[EventType "swiss"]
[EventRounds "6"]
[EventCountry "BRA"]
[SourceTitle "EXT 2022"]
[Source "ChessBase"]
[SourceDate "2021.10.06"]
[SourceVersion "1"]
[SourceVersionDate "2021.10.06"]
[SourceQuality "1"]

1. d4 d5 2. Nf3 Bf5 3. Bf4 e6 4. e3 Nf6 5. Bd3 Bxd3 6. Qxd3 c6 7. Nbd2 Nbd7 8. h3 h6 9. Ne5 Bb4 10. c3 Ba5 11. 0-0 Bc7 12. Bh2 0-0 13. f4 Nxe5 14. fxe5 Nd7 15. e4 dxe4 16. Qxe4 Qg5 17. Qe2 Nb6 18. Ne4 Qg6 19. Rf3 Nd5 20. c4 f5 21. Nc5 Ne7 22. Nxb7 Bb6 23. c5 Bc7 24. Rg3 Qh7 25. Rf1 a5 26. Nd6 Rfb8 27. Kh1 Rb4 28. Rd3 Rab8 29. Rd2 a4 30. g4 g6 31. gxf5 Nxf5 32. Nxf5 gxf5 33. Qg2+ Kh8 34. Qxc6 Qf7 35. Qg2 Rg8 36. Qf3 Bd8 37. Bf4 Bg5 38. Qc3 Qb7+ 39. Qf3 Qb5 40. Bxg5 Rxg5 41. Rff2 Qc4 42. Rg2 Rxg2 43. Rxg2 Qc1+ 44. Rg1 Qxb2 45. Qh5 1-0

[Event "Petrolinense-ch"]
[Site "Petrolina"]
[Date "2015.12.17"]
[Round "1.2"]
[White "De Santana, Emidio Jose Alves"]
[Black "Santos, Gildemar de Oliveir"]
[Result "1/2-1/2"]
[WhiteElo "1891"]
[BlackElo "1619"]
[PlyCount "88"]
[EventDate "2015.12.11"]
[EventType "swiss"]
[EventRounds "6"]
[EventCountry "BRA"]
[SourceTitle "EXT 2022"]
[Source "ChessBase"]
[SourceDate "2021.10.06"]
[SourceVersion "1"]
[SourceVersionDate "2021.10.06"]
[SourceQuality "1"]

1. e4 c5 2. Nf3 d6 3. d4 cxd4 4. Nxd4 Nf6 5. Nc3 a6 6. f3 e5 7. Nb3 Be6 8. Be3 Be7 9. Qd2 Qc7 10. 0-0-0 Nc6 11. Nd5 Bxd5 12. exd5 Nb8 13. Qa5 Bd8 14. Qxc7 Bxc7 15. Be2 Nbd7 16. Kb1 0-0 17. c4 b6 18. Rhe1 Rfd8 19. g4 Nc5 20. Nxc5 bxc5 21. Bd2 a5 22. a4 Rab8 23. Bc3 Nd7 24. Kc2 Rb7 25. Bd3 Nb6 26. b3 Nd7 27. Bf5 Nb8 28. f4 g6 29. Bd3 f6 30. fxe5 fxe5 31. Rf1 Nd7 32. Be4 Rf8 33. Rxf8+ Kxf8 34. Rf1+ Kg7 35. g5 Rb8 36. h4 Rf8 37. Rxf8 Nxf8 38. Bf3 h6 39. gxh6+ Kxh6 40. Bd2+ Kh7 41. h5 gxh5 42. Bxh5 Ng6 43. Bg5 Nf4 44. Bxf4 exf4 1/2-1/2

[Event "Petrolina Associacao San Franciscana"]
[Site "Petrolina"]
[Date "2015.10.31"]
[Round "3.1"]
[White "Coelho, Ramyres Santana"]
[Black "De Santana, Emidio Jose Alves"]
[Result "1-0"]
[WhiteElo "1908"]
[BlackElo "1925"]
[PlyCount "77"]
[EventDate "2015.10.30"]
[EventType "swiss"]
[EventRounds "5"]
[EventCountry "BRA"]
[SourceTitle "EXT 2022"]
[Source "ChessBase"]
[SourceDate "2021.10.06"]
[SourceVersion "1"]
[SourceVersionDate "2021.10.06"]
[SourceQuality "1"]

1. d4 c5 2. c3 cxd4 3. cxd4 d5 4. Nf3 Nf6 5. Nc3 a6 6. g3 e6 7. Bg2 Bd6 8. 0-0 0-0 9. Bg5 h6 10. Bxf6 Qxf6 11. Rc1 Nd7 12. a3 Rb8 13. Nh4 Qd8 14. f4 f5 15. Ng6 Rf6 16. Ne5 Bxe5 17. fxe5 Rf8 18. e3 Nb6 19. b3 Qe7 20. a4 Bd7 21. Ne2 Rbc8 22. Qd3 Rxc1 23. Rxc1 Rc8 24. Rxc8+ Nxc8 25. Nf4 Qb4 26. Nxd5 Qe1+ 27. Qf1 Qxf1+ 28. Kxf1 Bc6 29. Nf4 Bxg2+ 30. Kxg2 Kf7 31. Kf3 Ne7 32. e4 fxe4+ 33. Kxe4 g5 34. Nd3 a5 35. Nc5 b6 36. Nd7 Nd5 37. Nf6 Nxf6+ 38. exf6 Kxf6 39. g4 1-0

[Event "Petrolina Associacao San Franciscana"]
[Site "Petrolina"]
[Date "2015.10.30"]
[Round "1.1"]
[White "Santos, Gildemar de Oliveir"]
[Black "De Santana, Emidio Jose Alves"]
[Result "0-1"]
[WhiteElo "1795"]
[BlackElo "1925"]
[PlyCount "72"]
[EventDate "2015.10.30"]
[EventType "swiss"]
[EventRounds "5"]
[EventCountry "BRA"]
[SourceTitle "EXT 2022"]
[Source "ChessBase"]
[SourceDate "2021.10.06"]
[SourceVersion "1"]
[SourceVersionDate "2021.10.06"]
[SourceQuality "1"]

1. d4 d5 2. c4 dxc4 3. Qa4+ Bd7 4. Qxc4 e6 5. Nf3 Nc6 6. Nc3 Nf6 7. a3 Be7 8. g3 0-0 9. Bg2 Na5 10. Qd3 Nb3 11. Rb1 Nxc1 12. Rxc1 c6 13. 0-0 Qa5 14. e3 Rfd8 15. Ne5 Be8 16. Ne4 Nxe4 17. Bxe4 f5 18. Bg2 Qxe5 19. Qb3 Qd6 20. Qxb7 Rdb8 21. Qa6 Rb6 22. Qc4 Bd7 23. b4 Rc8 24. Qe2 Rf8 25. Rfd1 Qb8 26. Rc3 Rc8 27. Qc2 Bf6 28. Rc1 Qd6 29. Qa4 a6 30. Qa5 Bd8 31. Qa4 h5 32. Qd1 h4 33. Qh5 hxg3 34. hxg3 Be7 35. Kf1 g5 36. Qh2 Bf6 0-1

[Event "Carvalho Memorial op"]
[Site "Juazeiro do Norte"]
[Date "2012.10.12"]
[Round "2"]
[White "De Santana, Emidio Jose Alves"]
[Black "Siqueira, Alexandre Carneiro"]
[Result "1-0"]
[WhiteElo "1919"]
[BlackElo "2152"]
[PlyCount "85"]
[EventDate "2012.10.12"]
[EventType "swiss"]
[EventRounds "6"]
[EventCountry "BRA"]
[SourceTitle "EXT 2013"]
[Source "ChessBase"]
[SourceDate "2012.11.22"]
[SourceVersion "1"]
[SourceVersionDate "2012.11.22"]
[SourceQuality "1"]

1. e4 c5 2. Nf3 Nc6 3. d4 cxd4 4. Nxd4 Nf6 5. Nc3 d6 6. Be3 e5 7. Nb3 Be7 8. f3 0-0 9. Qd2 Be6 10. 0-0-0 a6 11. g4 b5 12. g5 Ne8 13. h4 Na5 14. Nd5 Nxb3+ 15. axb3 Rc8 16. Kb1 Bxd5 17. Qxd5 Qc7 18. Rh2 Qc6 19. Qd3 Nc7 20. Bh3 Rb8 21. h5 Rfd8 22. g6 d5 23. gxf7+ Kxf7 24. exd5 Rxd5 25. Qf5+ Qf6 26. Rhd2 Rbd8 27. c4 Rxd2 28. Rxd2 Rxd2 29. Bxd2 Qxf5+ 30. Bxf5 g6 31. hxg6+ hxg6 32. Be4 b4 33. Be3 Ne6 34. Bd5 Kf6 35. Bxe6 Kxe6 36. Kc2 Kf5 37. Kd3 g5 38. c5 Bf8 39. Kc4 e4 40. fxe4+ Kxe4 41. Bg1 a5 42. Bh2 g4 43. c6 1-0

[Event "Petrolina Cordioli Memorial op"]
[Site "Petrolina"]
[Date "2008.10.09"]
[Round "1.7"]
[White "De Santana, Emidio Jose Alves"]
[Black "Santiago, Yago de Moura"]
[Result "0-1"]
[WhiteElo "1832"]
[BlackElo "2249"]
[PlyCount "66"]
[EventDate "2008.10.09"]
[EventType "swiss"]
[EventRounds "7"]
[EventCountry "BRA"]
[SourceTitle "EXT 2022"]
[Source "ChessBase"]
[SourceDate "2021.10.06"]
[SourceVersion "1"]
[SourceVersionDate "2021.10.06"]
[SourceQuality "1"]

1. d4 Nf6 2. c4 g6 3. Nc3 Bg7 4. e4 d6 5. Nf3 0-0 6. Be2 Nbd7 7. 0-0 e5 8. d5 Nc5 9. Nd2 a5 10. a4 c6 11. b3 Nfd7 12. Qc2 f5 13. exf5 gxf5 14. Bb2 e4 15. Nd1 Ne5 16. f4 Ned3 17. Bxg7 Kxg7 18. Qc3+ Qf6 19. Qxf6+ Rxf6 20. Ne3 Bd7 21. h3 h5 22. Kh2 h4 23. Ra2 Ra6 24. Bd1 Rb6 25. Ra3 Rg6 26. g4 hxg3+ 27. Kg2 Kf6 28. Bh5 Rg7 29. Be2 Ra6 30. Ra2 Ra8 31. h4 Rh8 32. h5 Be8 33. Rh1 Nxf4+ 0-1

[Event "Petrolina Cordioli Memorial op"]
[Site "Petrolina"]
[Date "2007.10.19"]
[Round "2"]
[White "De Santana, Emidio Jose Alves"]
[Black "Mateus, Janete de Alcantara"]
[Result "1/2-1/2"]
[WhiteElo "1812"]
[BlackElo "1801"]
[PlyCount "53"]
[EventDate "2007.10.09"]
[EventType "swiss"]
[EventRounds "7"]
[EventCountry "BRA"]
[SourceTitle "EXT 2022"]
[Source "ChessBase"]
[SourceDate "2021.10.06"]
[SourceVersion "1"]
[SourceVersionDate "2021.10.06"]
[SourceQuality "1"]

1. e4 c5 2. Nf3 e6 3. Nc3 d6 4. Bb5+ Bd7 5. Bxd7+ Nxd7 6. d3 Be7 7. Rb1 a6 8. 0-0 e5 9. Be3 Ngf6 10. h3 0-0 11. Qe2 h6 12. b3 b5 13. a4 b4 14. Nd5 Rc8 15. Nxe7+ Qxe7 16. Bd2 Nb6 17. Nh2 g6 18. g3 Qe6 19. Ng4 Nxg4 20. hxg4 Rfe8 21. Rfd1 Rc7 22. f3 Qf6 23. f4 exf4 24. gxf4 Qd4+ 25. Qe3 Qxe3+ 26. Bxe3 Rec8 27. Rdc1 1/2-1/2